00382nam a22001577a 4500003000400000082001400004100002100018245003700039250000900076260004200085300000800127650002500135653003500160942001200195999001700207SGT a611bP24G aGOYAL, RAMESH.K. aPRACTICAL ANATOMY AND PHYSIOLOGY a19TH aAHMEDABADbB.S. SHAH. PRAKASHANc2024 a210 aANATOMY & PHYSIOLOGY aANATOMY, PHYSIOLOGY, PRACTICAL 2ddccBK c26370d26370